Tilastot visalle Suomen rannikkokunnat vuonna 1939

Klikkaa tästä pelataksesi tätä visaa!

Yleistilastot

  • Tätä visaa on pelattu 47 kertaa
  • Keskiarvotulos 92 / 162

Vastaustilastot

LääniKunta% Oikein
Lapin lääniKemi
100%
Vaasan lääniKokkola
96%
Oulun lääniOulu
96%
Oulun lääniIi
91%
Turun ja Porin lääniTurku
91%
Vaasan lääniVaasa
91%
Uudenmaan lääniHelsinki
87%
Turun ja Porin lääniNaantali
87%
Turun ja Porin lääniPori
87%
Turun ja Porin lääniRauma
87%
Oulun lääniHailuoto
83%
Viipurin lääniHamina
83%
Oulun lääniKalajoki
83%
Viipurin lääniKotka
83%
Ahvenanmaan lääniMaarianhamina
83%
Uudenmaan lääniPorvoo
83%
Oulun lääniRaahe
83%
Turun ja Porin lääniSalo
83%
Lapin lääniSimo
83%
Uudenmaan lääniSipoo
83%
Vaasan lääniUusikaarlepyy
83%
Ahvenanmaan lääniEckerö
78%
Uudenmaan lääniEspoo
78%
Uudenmaan lääniHanko
78%
Uudenmaan lääniLoviisa
78%
Vaasan lääniMustasaari
78%
Vaasan lääniNärpiö
78%
Viipurin lääniVirolahti
78%
Turun ja Porin lääniEurajoki
74%
Ahvenanmaan lääniJomala
74%
Oulun lääniKempele
74%
Vaasan lääniKristiinankaupunki
74%
Vaasan lääniMaalahti
74%
Vaasan lääniPietarsaari
74%
Oulun lääniPyhäjoki
74%
Viipurin lääniPyhtää
74%
Uudenmaan lääniTammisaari
74%
Turun ja Porin lääniUusikaupunki
74%
Viipurin lääniViipuri
74%
Ahvenanmaan lääniFinström
70%
Uudenmaan lääniHelsingin mlk
70%
Uudenmaan lääniInkoo
70%
Turun ja Porin lääniKemiö
70%
Uudenmaan lääniKirkkonummi
70%
Ahvenanmaan lääniKökar
70%
Vaasan lääniKorsnäs
70%
Oulun lääniLiminka
70%
Turun ja Porin lääniMerikarvia
70%
Uudenmaan lääniPorvoon mlk
70%
Ahvenanmaan lääniSaltvik
70%
Ahvenanmaan lääniSottunga
70%
Ahvenanmaan lääniBrändö
65%
Ahvenanmaan lääniGeta
65%
Ahvenanmaan lääniHammarland
65%
Turun ja Porin lääniKaarina
65%
Lapin lääniKemin mlk
65%
Oulun lääniKuivaniemi
65%
Turun ja Porin lääniKustavi
65%
Ahvenanmaan lääniLemland
65%
Oulun lääniLumijoki
65%
Vaasan lääniLuoto
65%
Vaasan lääniMaksamaa
65%
Turun ja Porin lääniParainen
65%
Turun ja Porin lääniRaisio
65%
Uudenmaan lääniSiuntio
65%
Ahvenanmaan lääniVårdö
65%
Ahvenanmaan lääniFöglö
61%
Oulun lääniHaukipudas
61%
Vaasan lääniHimanka
61%
Vaasan lääniKaskinen
61%
Viipurin lääniKoivisto
61%
Ahvenanmaan lääniKumlinge
61%
Ahvenanmaan lääniLumparland
61%
Turun ja Porin lääniPyhäranta
61%
Oulun lääniSiikajoki
61%
Ahvenanmaan lääniSund
61%
Lapin lääniAlatornio
57%
Turun ja Porin lääniMasku
57%
Turun ja Porin lääniMerimasku
57%
Turun ja Porin lääniNaantalin mlk
57%
Oulun lääniOulujoki
57%
Oulun lääniOulunsalo
57%
Turun ja Porin lääniSauvo
57%
Turun ja Porin lääniTaivassalo
57%
Viipurin lääniVehkalahti
57%
Turun ja Porin lääniHalikko
52%
Turun ja Porin lääniHoutskari
52%
Turun ja Porin lääniIniö
52%
Turun ja Porin lääniKorppoo
52%
Turun ja Porin lääniNauvo
52%
Vaasan lääniÖja
52%
Uudenmaan lääniPernaja
52%
Turun ja Porin lääniPorin mlk
52%
Turun ja Porin lääniRauman mlk
52%
Uudenmaan lääniTenhola
52%
Vaasan lääniUudenkaarlepyyn mlk
52%
Viipurin lääniViipurin mlk
52%
Turun ja Porin lääniAngelniemi
48%
Turun ja Porin lääniDragsfjärd
48%
Viipurin lääniJohannes
48%
Viipurin lääniTerijoki
48%
Viipurin lääniUusikirkko
48%
Vaasan lääniVöyri
48%
Turun ja Porin lääniAskainen
43%
Uudenmaan lääniDegerby
43%
Viipurin lääniHaapasaari
43%
Viipurin lääniKoiviston mlk
43%
Viipurin lääniKuolemajärvi
43%
Vaasan lääniLohtaja
43%
Turun ja Porin lääniPaimio
43%
Oulun lääniPattijoki
43%
Turun ja Porin lääniPerniö
43%
Uudenmaan lääniPohja
43%
Uudenmaan lääniRuotsinpyhtää
43%
Turun ja Porin lääniRymättylä
43%
Oulun lääniSaloinen
43%
Vaasan lääniSiipyy
43%
Viipurin lääniSuursaari
43%
Uudenmaan lääniTammisaaren mlk
43%
Turun ja Porin lääniUudenkaupungin mlk
43%
Turun ja Porin lääniAhlainen
39%
Vaasan lääniBergö
39%
Uudenmaan lääniHaaga
39%
Uudenmaan lääniHuopalahti
39%
Vaasan lääniKaarlela
39%
Turun ja Porin lääniKakskerta
39%
Viipurin lääniKymi
39%
Turun ja Porin lääniLuvia
39%
Turun ja Porin lääniMietoinen
39%
Turun ja Porin lääniPiikkiö
39%
Vaasan lääniRaippaluoto
39%
Viipurin lääniSäkkijärvi
39%
Viipurin lääniTytärsaari
39%
Uudenmaan lääniBromarv
35%
Turun ja Porin lääniHiittinen
35%
Vaasan lääniKälviä
35%
Vaasan lääniKoivulahti
35%
Turun ja Porin lääniKuusisto
35%
Viipurin lääniLavansaari
35%
Vaasan lääniMunsala
35%
Vaasan lääniOravainen
35%
Lapin lääniPetsamo
35%
Vaasan lääniPietarsaaren mlk
35%
Vaasan lääniSulva
35%
Turun ja Porin lääniUskela
35%
Turun ja Porin lääniVehmaa
35%
Turun ja Porin lääniVelkua
35%
Vaasan lääniBjörköby
30%
Uudenmaan lääniKulosaari
30%
Turun ja Porin lääniParaisten mlk
30%
Vaasan lääniPetolahti
30%
Turun ja Porin lääniPyhämaa
30%
Viipurin lääniSeiskari
30%
Uudenmaan lääniSnappertuna
30%
Turun ja Porin lääniKalanti
26%
Turun ja Porin lääniKaruna
26%
Vaasan lääniLapväärtti
26%
Turun ja Porin lääniLemu
26%
Turun ja Porin lääniLokalahti
26%
Turun ja Porin lääniSärkisalo
22%
Viipurin lääniVahviala
22%
Turun ja Porin lääniVestanfjärd
22%

Tulosjakauma

Persentiili vastausten määrän mukaan

Jokaisen tuloksen saaneiden osuus

Tuloshistoriasi

Et ole pelannut tätä visaa